000 00851nam a2200217Ii 4500
003 JO-AjNU
008 230605s9999||||xx |||||||||||||| ||und||
017 _a2001/8/1691
040 _aJO-AjNU
_bara
_erda
_cJO-AjNU
041 _aara
050 1 4 _aBP189.9.R37 2002
100 3 _aتقديم وتحقيق: الثامري، إحسان ذنون ، محمد عبد الله القدحات,
_eauthor
_936111
245 0 0 _aرسائل من التراث الصوفي في لبس الخرقة
250 _aط1
264 3 1 _aعمان: دار الرازي للطباعة والنشر والتوزيع ، 2002
300 _a313ص
_bالفهارس العامة ص 249-312
336 _atext
_btxt
_2rdacontent
337 _aunmediated
_bn
_2rdamedia
338 _avolume
_bnc
_2rdacarrier
650 4 _aالتصوف الاسلامي- تاريخ- زهد
_936112
999 _aA14973
_c18541
_d18541